000 00378nam a2200145Ia 4500
008 210716s1979 xx 000 0 und d
020 _a0137013183
041 _aeng
082 _a346.07 CORR
100 _aCorley, Robert N;Robert, William J.
245 _aPrinciples of business law.
260 _aU S A
_bPrentice Hall
_c1979
300 _a879,I-10
650 _aBusiness Law
999 _c202485
_d202485